Сообщение Управления НКВД Украинской ССР в 1-е Управление НКВД СССР сведений об оккупации противником и освобождении частями Кра...

RUSMARC
00004568cam0a2200289#x 450
0010f40285b-7239-4021-b61e-b62aa2cf2cb6
00520240530102055.0
100##$a20240521j19430404k###0rusy50 ca
1010#$arus
102##$aRU
105##$ay###z########
1220#$ad19430404##
2001#$aСообщение Управления НКВД Украинской ССР в 1-е Управление НКВД СССР сведений об оккупации противником и освобождении частями Красной Армии городов, райцентров и железнодорожных станций Украинской ССР
$j4 апреля 1943 г.
251##$cДокумент
300##$aПодлинник
461#0$12001
$aФ. 4
$1251
$cФонд
$1852
$j4
462#0$12001
$aОп. 1
$1251
$cОпись
$1852
$j1
462#0$12001
$aД. 182
$vЛ. 134-135
$1251
$cДело
$1852
$j182
60101$2nlr_sh
$3RU\NLR\AUTH\661383067
$aСССР
$bНародный комиссариат внутренних дел
$xИстория
$z1941 - 1945
$jДокументы и материалы
605##$2prlib_sh
$3LIBNET\UAF\0000088514
$aВторая мировая война в архивных документах (Комплекс оцифрованных архивных документов, кино- и фотоматериалов)
$lколлекция
6061#$2nlr_sh
$3RU\NLR\AUTH\661489436
$aВеликая Отечественная война
$z1941 - 1945
$xОккупированные районы
$yУкраинская ССР
$jДокументы и материалы
686##$a63.3(2)622,12ю1
$vLBC/M
$2rubbk
801#0$aRU
$bПБ им. Б.Н. Ельцина
$c20240521
801#1$aRU
$bПБ им. Б.Н. Ельцина
$c20240521
$2rusmarc
801#2$aRU
$bПБ им. Б.Н. Ельцина
$c20240530
$2rusmarc
850##$aЦентральный архив Федеральной службы безопасности России
852##$aЦА ФСБ России
$jЛ. 134-135
035##$aLIBNET\0001400622
937##$d192160157
$hФедеральное архивное агентство
8564#$uhttp://readingroom.main.prlib.ru/item.aspx?id_node=n192160157&mode=full
Формат отображения